Villes d'Afrique par satellite - Statistiques

Statistiques générales
  • Ce quiz a été pris 10 fois
  • Le résultat moyen est 7 sur 16
Statistiques - réponses
Par images Réponse % Correct
Dakar
89%
Le Caire
89%
Kinshasa
78%
Le Cap
78%
Khartoum
56%
Lagos
56%
Luanda
56%
Abidjan
44%
Bamako
44%
Niamey
44%
Dar Es-Salam
33%
Tanger
33%
Saint Denis de la Réunion
22%
Antananarivo
11%
Mombasa
11%
Praia
0%
Aucun quiz correspondant
Distribution des résultats
% des personnes avec chaque résultat
Percentile par nombre de réponses
Votre historique - résultats
Vous n’avez pas pris ce quiz